Integral Lebega-Stilt`jesa. /
Uložené v:
| Hlavný autor: | |
|---|---|
| Médium: | Kniha |
| Jazyk: | Russian German |
| Vydané: |
Moskva :
Gosudarstvennoje izdatel`stvo fiziko-matematičeskoj literatury,
1959
|
| Vydanie: | 1. vyd. |
| Témy: | |
| ISBN: |
(viaz.) |
| Fyzický popis: |
328 s. |
| Tagy: |
Pridať tag
Žiadne tagy, Buďte prvý kto otaguje tento záznam!
|
Titul je dostupný aj v ... 

MARC
| LEADER | 00000nam a2200000 a 4500 | ||
|---|---|---|---|
| 001 | 000027860 | ||
| 003 | SVKK | ||
| 005 | 19990608000000.0 | ||
| 008 | 970425s1959 ru e ruso | ||
| 020 | |a (viaz.) | ||
| 040 | |a SVKKK |b slo |c SVKKK |e AACR2 | ||
| 041 | 1 | |a rus |h ger | |
| 044 | |a ru |c RU | ||
| 080 | |a 517.5 |2 1997 | ||
| 100 | 1 | |a Kamke, E. |4 aut | |
| 245 | 1 | 0 | |a Integral Lebega-Stilt`jesa. / |c E. Kamke |
| 250 | |a 1. vyd. | ||
| 260 | |a Moskva : |b Gosudarstvennoje izdatel`stvo fiziko-matematičeskoj literatury, |c 1959 | ||
| 300 | |a 328 s. | ||
| 653 | 0 | |a integrál Lebesgue-Stieltjesov |2 SVKKKPH | |
| 655 | 7 | |a monografie |2 SVKKKPH | |
| 910 | |a svkkk | ||
| 974 | |a MI |d 19970515 | ||
| 974 | |a PA |d 19970703 | ||
| 974 | |a MI |d 19990608 | ||
| 998 | |a BK | ||
| 090 | |g SCKHL |k Sklad Pribinova 2. posch. |a III.176379 |j 906375 |i 2720443197 |s Prezenčne | ||